01006nam a2200253 a 450000100100000000500170001000800410002704000250006808200180009310000260011124500940013726000390023130000340027050000730030450400300037765000420040765100300044965000380047965000300051765100430054770000320059095201150062299900150073700000496120250612105738.0090728s1969 sp ab 000 0 spa d aDO-SdBNPbspacBNPHU a940.53bT755d1 aTowsend, Peter91432110aDuelo de águilas :bRAF contra LUFTWAFFE /cPeter Towsend ; traducción Domingo Pruna. aBarcelona :bPlaza & Janes,c1969. a526 p. :bil., mapa ;c22 cm. aIncluye referencias bibliográficas y notas al pie de las páginas aBibliografía: p.507-509 4aGran bretaña royal air force914322 4aAlemania Luftwaffe914323 0a Guerra Mundial, 1939-1945913822 4aOperaciones aereas914325 4aGran BretañaxBatalla De 19409143261 aPruna, Domingo,etr.914327 001050718MOaGRbGRcCTd2009-07-28iLF1l0o940.53 T755dp4961-10r2020-06-25w2020-06-25y1ZNo se presta c4767d4767